[Event "Visakhapatnam Vizag op"]
[Site "Visakhapatnam"]
[Date "2022.06.10"]
[Round "1"]
[White "Shounak, Mazumder"]
[Black "Nikitenko, Mihail"]
[Result "1/2-1/2"]
[WhiteElo "1713"]
[BlackElo "2475"]
[PlyCount "110"]
[EventDate "2022.06.10"]
[EventType "swiss"]
[EventRounds "10"]
[EventCountry "IND"]
[SourceTitle "CBM 208 Extra"]
[Source "ChessBase"]
[SourceDate "2022.07.31"]
[SourceVersion "1"]
[SourceVersionDate "2022.07.31"]
[SourceQuality "1"]

1. e4 c6 2. Nc3 d5 3. Nf3 dxe4 4. Nxe4 Nd7 5. d4 Ngf6 6. Nxf6+ Nxf6 7. Bd3 Bg4 8. c3 e6 9. h3 Bh5 10. Bf4 Bd6 11. Bxd6 Qxd6 12. Qe2 0-0-0 13. g4 Bg6 14. 0-0-0 Rhe8 15. Ne5 Qc7 16. h4 Nd5 17. h5 Bxd3 18. Nxd3 Qa5 19. a3 h6 20. Qd2 Re7 21. f4 Nf6 22. Ne5 Rc7 23. g5 Ne4 24. Qe3 Nd6 25. Kb1 Nf5 26. Qf2 Qd5 27. Rhe1 hxg5 28. fxg5 Rh8 29. c4 Qd6 30. g6 fxg6 31. hxg6 Re7 32. d5 Rh5 33. c5 Qd8 34. d6 Rd7 35. Nxd7 Qxd7 36. Rxe6 Qxe6 37. d7+ Kd8 38. Qf4 Nd4 39. Qf8+ Kxd7 40. Rxd4+ Rd5 41. Qxg7+ Ke8 42. Qh8+ Kd7 43. Qh7+ Kc8 44. Rxd5 Qxd5 45. Qh8+ Kd7 46. Qh7+ Ke8 47. g7 Qd1+ 48. Ka2 Qd5+ 49. b3 Qd2+ 50. Kb1 Qd1+ 51. Kb2 Qd2+ 52. Kb1 Qd1+ 53. Kb2 Qd2+ 54. Qc2 Qxc2+ 55. Kxc2 Kf7 1/2-1/2

[Event "Bhubaneswar op-A 13th"]
[Site "Bhubaneswar"]
[Date "2022.05.22"]
[Round "1"]
[White "Nitin, Senthilvel"]
[Black "Shounak, Mazumder"]
[Result "1-0"]
[WhiteElo "2399"]
[BlackElo "1709"]
[PlyCount "95"]
[EventDate "2022.05.22"]
[EventType "swiss"]
[EventRounds "10"]
[EventCountry "IND"]
[SourceTitle "CBM 208 Extra"]
[Source "ChessBase"]
[SourceDate "2022.07.31"]
[SourceVersion "1"]
[SourceVersionDate "2022.07.31"]
[SourceQuality "1"]

1. e4 e5 2. Nf3 Nc6 3. Nc3 Bc5 4. Nxe5 Nxe5 5. d4 Bd6 6. dxe5 Bxe5 7. f4 Bxc3+ 8. bxc3 d6 9. Bd3 Nf6 10. 0-0 0-0 11. Qf3 Re8 12. c4 c6 13. Rb1 Qe7 14. Re1 d5 15. cxd5 Nxd5 16. Bd2 Nb6 17. e5 Be6 18. f5 Bxa2 19. f6 Qc5+ 20. Be3 Qxe5 21. Bxb6 Qxf6 22. Rxe8+ Rxe8 23. Qxf6 gxf6 24. Ra1 axb6 25. Rxa2 b5 26. Kf2 Kg7 27. Kf3 h6 28. Be4 Kf8 29. Kf4 Kg7 30. Ra7 Rb8 31. c3 Kf8 32. Kf5 Ke7 33. Bxc6 Kd6 34. Bxb5 Kc5 35. c4 Kb6 36. Ra2 Rc8 37. Kxf6 Rc7 38. Re2 Rc5 39. Re5 Rc7 40. g4 Ka7 41. h4 Kb6 42. g5 hxg5 43. hxg5 Rc8 44. Kxf7 Rd8 45. g6 Rd1 46. g7 Rf1+ 47. Kg6 Rg1+ 48. Rg5 1-0